| 000 | 01074cam a22003495a 4500 | ||
|---|---|---|---|
| 001 | 17161157 | ||
| 003 | OSt | ||
| 005 | 20140310182646.0 | ||
| 008 | 120211s1991 nyua 000 0 eng d | ||
| 010 | _a 2011535904 | ||
| 020 | _a0590449990 | ||
| 020 | _a0590449990 | ||
| 035 | _a(OCoLC)ocm25141367 | ||
| 040 |
_aCXP _cCXP _dBCR _dBAKER _dBTCTA _dYDXCP _dDLC |
||
| 042 | _alccopycat | ||
| 050 | 0 | 0 |
_aPN 1008 _b.Ei36 1991 |
| 082 | 0 | 4 |
_2M 306.85 _bEi8 1991 |
| 100 | 1 | _aEisenberg, Lisa. | |
| 245 | 1 | 4 |
_aThe wacky family survival guide / _cby Lisa Eisenberg and Katy Hall |
| 260 |
_aNew York : _bScholastic Inc., _cc1991. |
||
| 300 |
_a96 p. : _bill. ; _c18 cm. |
||
| 521 | _aCollege students | ||
| 526 | _c1210L-1700L | ||
| 541 | _j1 | ||
| 562 | _efor circulation. 1 copy available in the collection | ||
| 650 | 0 |
_aFamily _vHumor. |
|
| 700 | 1 | _aHall, Katy. | |
| 710 | 2 |
_aCopyright Paperback Collection (Library of Congress) _5DLC |
|
| 906 |
_a0 _bibc _ccopycat _d2 _encip _f20 _gy-genrareb |
||
| 942 |
_2lcc _cBK _kM |
||
| 999 |
_c15057 _d15057 |
||